Springer handbook of nanotechnology / (Record no. 175514)
[ view plain ]
| 000 -LEADER | |
|---|---|
| fixed length control field | 00906 a2200205 4500 |
| 003 - CONTROL NUMBER IDENTIFIER | |
| control field | Nust |
| 005 - DATE AND TIME OF LATEST TRANSACTION | |
| control field | 20220802131856.0 |
| 010 ## - LIBRARY OF CONGRESS CONTROL NUMBER | |
| LC control number | 2003064953 |
| 020 ## - INTERNATIONAL STANDARD BOOK NUMBER | |
| International Standard Book Number | 3540012184 (alk. paper) |
| 040 ## - CATALOGING SOURCE | |
| Transcribing agency | Nust |
| 082 00 - DEWEY DECIMAL CLASSIFICATION NUMBER | |
| Classification number | 620.5,SPR |
| 245 00 - TITLE STATEMENT | |
| Title | Springer handbook of nanotechnology / |
| Statement of responsibility, etc. | Bharat Bhushan (ed.). |
| 246 30 - VARYING FORM OF TITLE | |
| Title proper/short title | Handbook of nanotechnology |
| 260 ## - PUBLICATION, DISTRIBUTION, ETC. | |
| Place of publication, distribution, etc. | Berlin ; |
| -- | New York : |
| Name of publisher, distributor, etc. | Springer, |
| Date of publication, distribution, etc. | c2004. |
| 300 ## - PHYSICAL DESCRIPTION | |
| Extent | xxxvi, 1222 p. : |
| Other physical details | ill. ; |
| Dimensions | 25 cm. |
| Accompanying material | + 1 CD-ROM (4 3/4 in.) |
| 505 ## - FORMATTED CONTENTS NOTE | |
| Formatted contents note | Nanostructures, Micro/Nanofabrication, and Micro/Nanodevices (Page-9), Scanning Probe Microscopy (Page-325), Nanotribology and Nanomechanics (Page-497), Molecularly Thick Films for Lubrication (Page-791), Industrial Applications and Microdevice Reliability (Page-899), Social and Ethical Implication (Page-1135). |
| 650 #0 - SUBJECT ADDED ENTRY--TOPICAL TERM | |
| Topical term or geographic name entry element | Nanotechnology |
| 9 (RLIN) | 2826 |
| 700 1# - ADDED ENTRY--PERSONAL NAME | |
| Personal name | Bhushan, Bharat, |
| Dates associated with a name | 1949- |
| 9 (RLIN) | 83676 |
| 942 ## - ADDED ENTRY ELEMENTS (KOHA) | |
| Koha item type | Reference |
| Source of classification or shelving scheme | |
| Withdrawn status | Lost status | Source of classification or shelving scheme | Damaged status | Not for loan | Permanent Location | Current Location | Shelving location | Date acquired | Full call number | Barcode | Date last seen | Price effective from | Koha item type | Public note |
|---|---|---|---|---|---|---|---|---|---|---|---|---|---|---|
| Military College of Signals (MCS) | Military College of Signals (MCS) | Reference | 12/12/2016 | 620.5,SPR | MCS31033 | 12/08/2016 | 12/12/2016 | Reference | Almirah No.20, Shelf No.2 |
